000
00319 a2200121 4500
000
nam a22 7a 4500
005
20260129164641.0
020
_a
9781350182943
100
_a
Emily J. Orlando
_9
1112831
245
_a
The Bloomsbury Handbook to Edith Wharton
260
_b
Bloomsbury Publishing
_c
2024
942
_c
TEXL
999
_c
1678379
_d
1678379